[Event "OSREDNJA SLOVENSKA LIGA 2025"]
[Site "gostovanja"]
[Date "2025.09.18"]
[Round "1.1"]
[White "Mulec, Dejan"]
[Black "Justin, Matjaz"]
[Result "1/2-1/2"]
[WhiteElo "1724"]
[BlackElo "2210"]
[PlyCount "83"]
[EventDate "2025.09.18"]
[WhiteTeam "SK LOSKA DOLINA"]
[BlackTeam "SD VRHNIKA"]

1. d4 Nf6 2. c4 e6 3. Nf3 a6 4. g3 c5 5. Bg2 cxd4 6. Nxd4 Ra7 7. O-O b6 8. Nc3
Bb7 9. e4 d6 10. h3 Nbd7 11. Be3 Ba8 12. Qe2 Rc7 13. Rac1 Bb7 14. Rfd1 Be7 15.
Kh2 Qa8 16. f3 O-O 17. h4 Rfc8 18. Bh3 Nf8 19. Na4 N8d7 20. b3 g6 21. Qf2 e5
22. Ne2 b5 23. Nb6 Nxb6 24. Bxb6 bxc4 25. Bxc7 Rxc7 26. Rxc4 Rxc4 27. bxc4 Bc8
28. Rc1 Bxh3 29. Kxh3 Nd7 30. Qe3 Nc5 31. Nc3 Qc8+ 32. Kh2 Qb7 33. Rc2 Bd8 34.
Nd5 Kg7 35. Qc3 Qb1 36. Qb2 Qd1 37. Re2 Qf1 38. Rf2 Qxc4 39. Qb8 Qd4 40. Rg2
Ne6 41. Qxd6 a5 42. Qa3 1/2-1/2

[Event "OSREDNJA SLOVENSKA LIGA 2025"]
[Site "gostovanja"]
[Date "2025.09.18"]
[Round "1.1"]
[White "Zlindra, Aljaz"]
[Black "Bucan, Luka"]
[Result "1-0"]
[WhiteElo "1995"]
[BlackElo "1706"]
[PlyCount "39"]
[EventDate "2025.09.18"]
[WhiteTeam "SD VRHNIKA"]
[BlackTeam "SK LOSKA DOLINA"]

1. e4 c5 2. Nf3 Nc6 3. d4 cxd4 4. Nxd4 d6 5. Nc3 g6 6. Be3 Bg7 7. Bb5 Bd7 8.
Qd2 Ne5 9. f4 Ng4 10. Bxd7+ Qxd7 11. Bg1 h5 12. O-O-O Rc8 13. h3 N4f6 14. Nf3
a6 15. Bd4 Qc6 16. Rhe1 Nh6 17. Nd5 Nxe4 18. Rxe4 Qxd5 19. Rxe7+ Kxe7 20. Bf6+
1-0

[Event "OSREDNJA SLOVENSKA LIGA 2025"]
[Site "gostovanja"]
[Date "2025.09.18"]
[Round "1.1"]
[White "Soba, Franc"]
[Black "Vodnik, Val"]
[Result "0-1"]
[WhiteElo "1511"]
[BlackElo "1777"]
[PlyCount "74"]
[EventDate "2025.09.18"]
[WhiteTeam "SK LOSKA DOLINA"]
[BlackTeam "SD VRHNIKA"]

1. d4 d5 2. Nf3 Nf6 3. g3 g6 4. Bg2 Bg7 5. O-O O-O 6. c4 c6 7. Qb3 Qb6 8. c5
Qxb3 9. axb3 Na6 10. Bd2 Nc7 11. Nc3 Bf5 12. b4 a6 13. Bf4 Ne6 14. Be5 Ne4 15.
Bxg7 Kxg7 16. e3 Nxc3 17. bxc3 Be4 18. Ne5 Bxg2 19. Kxg2 Nc7 20. c4 Rad8 21.
cxd5 Rxd5 22. h4 h5 23. Rad1 Rfd8 24. Rd3 Rxe5 25. Rfd1 Red5 26. f4 f6 27. Kf3
e5 28. Ke2 exd4 29. exd4 f5 30. Ke3 Nb5 31. R1d2 Re8+ 32. Kf2 Re4 33. Re3 Rdxd4
34. Rxd4 Nxd4 35. Rxe4 fxe4 36. Ke3 Nc2+ 37. Kxe4 Nxb4 0-1

[Event "OSREDNJA SLOVENSKA LIGA 2025"]
[Site "gostovanja"]
[Date "2025.09.18"]
[Round "1.2"]
[White "Belyaletdinov, Leonard"]
[Black "Veskovic, Dzemal"]
[Result "1-0"]
[WhiteElo "2130"]
[BlackElo "1885"]
[PlyCount "98"]
[EventDate "2025.09.18"]
[WhiteTeam "SK LJUBLJANA TAJFUN"]
[BlackTeam "SD MENGES - TRZIN"]

1. e4 e6 2. d4 d6 3. Nf3 Be7 4. Bd3 Nd7 5. c3 c6 6. Nbd2 e5 7. Nc4 b5 8. Ne3 g6
9. Qe2 a6 10. O-O Ngf6 11. Rd1 Qc7 12. a4 Rb8 13. b3 O-O 14. Ba3 Re8 15. Rac1
bxa4 16. bxa4 Rb3 17. Bb4 d5 18. Qa2 Rxb4 19. cxb4 dxe4 20. Ng5 Rf8 21. Bc4 Nb6
22. Bxf7+ Kg7 23. a5 Na8 24. d5 Qb8 25. Be6 Nxd5 26. Nxd5 Bxg5 27. Rxc6 Bb7 28.
Rc2 Bxd5 29. Qxd5 e3 30. Qd7+ Kh6 31. Bb3 Qxb4 32. Qh3+ Qh4 33. Qxh4+ Bxh4 34.
fxe3 Bg5 35. Rc3 Rb8 36. Bd5 Bd8 37. e4 Bxa5 38. Rh3+ Kg7 39. Rf1 h5 40. g4 Nc7
41. Rf7+ Kh6 42. Rg3 hxg4 43. Rxg4 Nxd5 44. exd5 Rb1+ 45. Kg2 Rb3 46. Re7 Rb2+
47. Kh3 Rb3+ 48. Rg3 Rb5 49. d6 Bd8 {nejasno (57)} 1-0

[Event "OSREDNJA SLOVENSKA LIGA 2025"]
[Site "gostovanja"]
[Date "2025.09.18"]
[Round "1.2"]
[White "Sedlar, Tomo"]
[Black "Srebrnic, Vojko"]
[Result "0-1"]
[WhiteElo "1871"]
[BlackElo "1964"]
[PlyCount "54"]
[EventDate "2025.09.18"]
[WhiteTeam "SD MENGES - TRZIN"]
[BlackTeam "SK LJUBLJANA TAJFUN"]

1. d4 Nf6 2. c4 d6 3. Nc3 e5 4. dxe5 dxe5 5. Bg5 Qxd1+ 6. Rxd1 Bb4 7. Bd2 Be6
8. e3 Nbd7 9. Nf3 c6 10. a3 Be7 11. Be2 h6 12. O-O a5 13. Na4 Ne4 14. Be1 O-O
15. Bd3 Nd6 16. Be2 Rfd8 17. Bc3 b5 18. cxb5 cxb5 19. Nxe5 Nxe5 20. Bxe5 bxa4
21. Rd4 Bb3 22. Rc1 Ne8 23. Bf3 Rac8 24. Rxc8 Rxc8 25. h3 Bf6 26. Bxf6 Nxf6 27.
Be4 Nxe4 0-1

[Event "OSREDNJA SLOVENSKA LIGA 2025"]
[Site "gostovanja"]
[Date "2025.09.18"]
[Round "1.2"]
[White "Glavac, Leo"]
[Black "Ocepek, Marjan"]
[Result "1-0"]
[WhiteElo "1974"]
[BlackElo "1720"]
[PlyCount "93"]
[EventDate "2025.09.18"]
[WhiteTeam "SK LJUBLJANA TAJFUN"]
[BlackTeam "SD MENGES - TRZIN"]

1. e4 c6 2. d4 d5 3. e5 Bf5 4. Bd3 Bxd3 5. Qxd3 e6 6. Nf3 c5 7. c4 Nc6 8. Qb3
b6 9. cxd5 Qxd5 10. Qxd5 exd5 11. dxc5 bxc5 12. Ke2 h6 13. Nc3 O-O-O 14. b3 g5
15. h3 Bg7 16. Ba3 Nxe5 17. Nxe5 Bxe5 18. Rac1 Bf4 19. Rcd1 Nf6 20. Bxc5 Rhe8+
21. Kf3 Kb7 22. g3 Be5 23. Ne2 Ne4 24. Bb4 a6 25. Rd3 Rd7 26. Rhd1 Kc6 27. Rc1+
Kb7 28. a4 Rc8 29. Rxc8 Kxc8 30. Ke3 Kb7 31. Rd1 f5 32. f4 Bg7 33. g4 fxg4 34.
hxg4 Nf6 35. Kf3 Ne4 36. f5 Be5 37. Rxd5 Rxd5 38. Kxe4 Kc6 39. Bf8 h5 40. gxh5
g4 41. h6 g3 42. Bg7 Bxg7 43. hxg7 Rd8 44. f6 Re8+ 45. Kf3 g2 46. f7 Rxe2 47.
g8=Q 1-0

[Event "OSREDNJA SLOVENSKA LIGA 2025"]
[Site "gostovanja"]
[Date "2025.09.18"]
[Round "1.2"]
[White "Semeja, Mirko"]
[Black "Borstar, Dusan"]
[Result "0-1"]
[WhiteElo "1863"]
[BlackElo "1838"]
[PlyCount "76"]
[EventDate "2025.09.18"]
[WhiteTeam "SD MENGES - TRZIN"]
[BlackTeam "SK LJUBLJANA TAJFUN"]

1. d4 Nf6 2. c4 c6 3. Nc3 d5 4. h3 e6 5. a3 dxc4 6. Nf3 a6 7. e4 b5 8. Bg5 Be7
9. Qc2 h6 10. Be3 Qc7 11. Be2 Nbd7 12. O-O Bb7 13. Rfd1 Rc8 14. Rd2 O-O 15.
Rad1 Rfd8 16. Nh2 c5 17. d5 Bd6 18. Ng4 e5 19. Rf1 Rb8 20. Rdd1 Bc8 21. Qd2 h5
22. Nxf6+ Nxf6 23. Bg5 Kh7 24. Bxf6 gxf6 25. Bxh5 Rg8 26. Kh1 Rg5 27. Bf3 b4
28. axb4 cxb4 29. Ne2 Bd7 30. Rg1 Rh8 31. Ng3 Qc8 32. Rde1 Bxh3 33. Nf5 Bxf5
34. Rgf1 Bg4 35. Qe2 Kg7+ 36. Kg1 Rgh5 37. g3 Rh1+ 38. Bxh1 Bxe2 0-1

[Event "OSREDNJA SLOVENSKA LIGA 2025"]
[Site "gostovanja"]
[Date "2025.09.18"]
[Round "1.3"]
[White "Babarovic, Fran"]
[Black "Lucovnik, Tilen"]
[Result "1/2-1/2"]
[WhiteElo "1901"]
[BlackElo "2154"]
[PlyCount "47"]
[EventDate "2025.09.18"]
[WhiteTeam "SK KOMENDA POGI"]
[BlackTeam "SK KOMENDA POPOTNIK"]

1. e4 d6 2. d4 Nf6 3. Nc3 e5 4. dxe5 dxe5 5. Qxd8+ Kxd8 6. Bg5 Be6 7. O-O-O+
Kc8 8. Nf3 Nbd7 9. Bh4 Bb4 10. Nd5 Nxd5 11. exd5 Bg4 12. a3 Bd6 13. Re1 f6 14.
Nd2 Nb6 15. c4 a5 16. Ne4 Nd7 17. f3 Bf5 18. Bf2 Bxe4 19. fxe4 Nc5 20. Bxc5
Bxc5 21. Kc2 Kd7 22. b3 b6 23. g3 Kd6 24. Bh3 1/2-1/2

[Event "OSREDNJA SLOVENSKA LIGA 2025"]
[Site "gostovanja"]
[Date "2025.09.18"]
[Round "1.3"]
[White "Juhant, Igor"]
[Black "Macek, Inti"]
[Result "1/2-1/2"]
[WhiteElo "1972"]
[BlackElo "1920"]
[PlyCount "45"]
[EventDate "2025.09.18"]
[WhiteTeam "SK KOMENDA POPOTNIK"]
[BlackTeam "SK KOMENDA POGI"]

1. e4 e5 2. Nc3 Nf6 3. f4 d5 4. fxe5 Nxe4 5. Nf3 Be6 6. d3 Nxc3 7. bxc3 Be7 8.
Bf4 c5 9. Be2 Nc6 10. O-O O-O 11. Rb1 b6 12. Qd2 d4 13. c4 Qd7 14. Bg3 f6 15.
exf6 Bxf6 16. Ng5 Bg4 17. Ne4 Be7 18. Rbe1 Rae8 19. Rxf8+ Rxf8 20. Bxg4 Qxg4
21. Qe2 Qd7 22. a3 h6 23. Qh5 1/2-1/2

[Event "OSREDNJA SLOVENSKA LIGA 2025"]
[Site "gostovanja"]
[Date "2025.09.18"]
[Round "1.3"]
[White "Hribar, Izak"]
[Black "Perme, Martin"]
[Result "1/2-1/2"]
[WhiteElo "1706"]
[BlackElo "1836"]
[PlyCount "89"]
[EventDate "2025.09.18"]
[WhiteTeam "SK KOMENDA POGI"]
[BlackTeam "SK KOMENDA POPOTNIK"]

1. e4 c5 2. Nf3 d6 3. d4 cxd4 4. Nxd4 Nf6 5. Nc3 g6 6. Be3 Bg7 7. f3 O-O 8. Qd2
Bd7 9. O-O-O Nc6 10. Nxc6 bxc6 11. Bh6 Be6 12. Bxg7 Kxg7 13. b3 Qa5 14. Na4 Qc7
15. Qc3 a5 16. g4 c5 17. g5 Bd7 18. gxf6+ exf6 19. Bc4 Rab8 20. Nb2 a4 21. Nxa4
Bxa4 22. bxa4 Rb4 23. Bb5 d5 24. Qd2 Rd4 25. Qe3 Rb4 26. a3 Rxb5 27. axb5 d4
28. Qd3 Rd8 29. Qc4 Qf4+ 30. Kb1 Rc8 31. Rhf1 Qe3 32. Qd3 Qf4 33. a4 Qxh2 34.
Rh1 Qd6 35. Qd2 c4 36. Qh6+ Kg8 37. Qxh7+ Kf8 38. Qh8+ Ke7 39. Qxc8 Qb4+ 40.
Kc1 Qa3+ 41. Kb1 Qb4+ 42. Ka2 Qxa4+ 43. Kb1 Qb4+ 44. Kc1 Qa3+ 45. Kb1 1/2-1/2

[Event "OSREDNJA SLOVENSKA LIGA 2025"]
[Site "gostovanja"]
[Date "2025.09.18"]
[Round "1.3"]
[White "Cimperman, Teo"]
[Black "Zagar, Katarina"]
[Result "1-0"]
[WhiteElo "1661"]
[BlackElo "1542"]
[PlyCount "63"]
[EventDate "2025.09.18"]
[WhiteTeam "SK KOMENDA POPOTNIK"]
[BlackTeam "SK KOMENDA POGI"]

1. e4 e5 2. Nf3 Nc6 3. Bc4 Bc5 4. h3 Nf6 5. O-O Nxe4 6. d3 Nf6 7. Re1 d6 8. c3
O-O 9. b4 Bb6 10. Bg5 h6 11. Bh4 g5 12. Bg3 Bf5 13. Qd2 Nh5 14. Bh2 Nf4 15.
Bxf4 exf4 16. d4 Ne7 17. Bd3 Be6 18. c4 c6 19. Nc3 d5 20. c5 Bc7 21. Qc2 Qc8
22. Kh2 b6 23. Qe2 a5 24. a3 Re8 25. b5 Bf5 26. Bxf5 Qxf5 27. bxc6 Kf8 28. Qb5
bxc5 29. Qxc5 Ra6 30. Qb5 Rxc6 31. Rxe7 Rxe7 32. Qxc6 1-0

[Event "OSREDNJA SLOVENSKA LIGA 2025"]
[Site "gostovanja"]
[Date "2025.09.18"]
[Round "1.4"]
[White "Bratovic, Blaz"]
[Black "Bohorc, Edo"]
[Result "1-0"]
[WhiteElo "2291"]
[BlackElo "1983"]
[PlyCount "39"]
[EventDate "2025.09.18"]
[WhiteTeam "SK TRZIN BUSCOTRADE"]
[BlackTeam "SD CRNI GRABEN"]

1. e4 e6 2. d4 d5 3. e5 c5 4. c3 Nc6 5. Nf3 Qb6 6. Bd3 Bd7 7. O-O cxd4 8. Re1
Be7 9. a3 f6 10. cxd4 f5 11. Nc3 a6 12. Ne2 Rc8 13. h4 Na5 14. b4 Nc6 15. Be3
Qd8 16. Nf4 Bxh4 17. Bxf5 Kf7 18. Bh3 Nh6 19. Nxd5 exd5 20. e6+ 1-0

[Event "OSREDNJA SLOVENSKA LIGA 2025"]
[Site "gostovanja"]
[Date "2025.09.18"]
[Round "1.4"]
[White "Skok, Boris"]
[Black "Krupenko, Peter"]
[Result "1/2-1/2"]
[WhiteElo "1945"]
[BlackElo "1968"]
[PlyCount "40"]
[EventDate "2025.09.18"]
[WhiteTeam "SD CRNI GRABEN"]
[BlackTeam "SK TRZIN BUSCOTRADE"]

1. d4 d5 2. c4 c6 3. Nc3 e6 4. Nf3 Nf6 5. e3 Be7 6. Qc2 O-O 7. Bd2 dxc4 8. Bxc4
b5 9. Be2 Bb7 10. O-O Nbd7 11. Rfd1 a6 12. e4 b4 13. Na4 h6 14. e5 Nd5 15. Qe4
Re8 16. Bd3 Nf8 17. Qg4 Kh8 18. Qh5 Kg8 19. Qg4 Kh8 20. Qh5 Kg8 1/2-1/2

[Event "OSREDNJA SLOVENSKA LIGA 2025"]
[Site "gostovanja"]
[Date "2025.09.18"]
[Round "1.4"]
[White "Pavlin, Damijan"]
[Black "Osolin, Bogdan"]
[Result "1/2-1/2"]
[WhiteElo "1963"]
[BlackElo "1904"]
[PlyCount "46"]
[EventDate "2025.09.18"]
[WhiteTeam "SK TRZIN BUSCOTRADE"]
[BlackTeam "SD CRNI GRABEN"]

1. d4 Nf6 2. Nf3 e6 3. e3 b6 4. Bd3 a5 5. b3 a4 6. bxa4 Rxa4 7. O-O Ba6 8. c4
Rxc4 9. Bxc4 Bxc4 10. Re1 Bb4 11. Bd2 Be7 12. Qc2 Ba6 13. Nc3 Nc6 14. a3 O-O
15. e4 Qa8 16. Bg5 h6 17. Bf4 d6 18. Qd2 Na5 19. Rab1 Rc8 20. e5 Nd5 21. Ne4
Nc4 22. Qc1 Nxf4 23. Qxf4 d5 1/2-1/2

[Event "OSREDNJA SLOVENSKA LIGA 2025"]
[Site "gostovanja"]
[Date "2025.09.18"]
[Round "1.4"]
[White "Hribar, Janez"]
[Black "Abe, Blaz"]
[Result "1/2-1/2"]
[WhiteElo "1863"]
[BlackElo "1791"]
[PlyCount "41"]
[EventDate "2025.09.18"]
[WhiteTeam "SD CRNI GRABEN"]
[BlackTeam "SK TRZIN BUSCOTRADE"]

1. d4 d5 2. Nf3 Nf6 3. e3 c6 4. Bd3 Bg4 5. b3 e6 6. Nbd2 Bd6 7. Bb2 Nbd7 8. O-O
O-O 9. c4 b6 10. cxd5 cxd5 11. h3 Bh5 12. Rc1 Rc8 13. Qe2 Nb8 14. g4 Bg6 15.
Rxc8 Qxc8 16. Rc1 Qb7 17. Bxg6 hxg6 18. Ne5 Rc8 19. Qd1 Rxc1 20. Qxc1 Qc7 21.
Qxc7 1/2-1/2

[Event "OSREDNJA SLOVENSKA LIGA 2025"]
[Site "gostovanja"]
[Date "2025.09.18"]
[Round "1.5"]
[White "Sajovic, Marko"]
[Black "Ivanec, Dezider"]
[Result "0-1"]
[WhiteElo "2030"]
[BlackElo "2032"]
[PlyCount "48"]
[EventDate "2025.09.18"]
[WhiteTeam "SK MEDVODE"]
[BlackTeam "DRUSTVO KPSRD KAREL JERAJ"]

1. e4 c5 2. Nf3 g6 3. c3 Bg7 4. d4 cxd4 5. cxd4 d5 6. e5 Nc6 7. Nc3 Bg4 8. Be2
Bxf3 9. Bxf3 e6 10. O-O Nge7 11. a3 O-O 12. b4 Nf5 13. Be3 Rc8 14. Rc1 f6 15.
b5 Na5 16. exf6 Qxf6 17. Qa4 b6 18. Rfd1 Nxe3 19. fxe3 Qg5 20. Kf2 Nc4 21. Re1
Bh6 22. Nd1 Qh4+ 23. Ke2 Qxh2 24. Rc3 Rxf3 0-1

[Event "OSREDNJA SLOVENSKA LIGA 2025"]
[Site "gostovanja"]
[Date "2025.09.18"]
[Round "1.5"]
[White "Butala, Marjan"]
[Black "Rici, Jurij"]
[Result "1/2-1/2"]
[WhiteElo "1905"]
[BlackElo "1900"]
[PlyCount "96"]
[EventDate "2025.09.18"]
[WhiteTeam "DRUSTVO KPSRD KAREL JERAJ"]
[BlackTeam "SK MEDVODE"]

1. c4 e5 2. Nc3 Nf6 3. g3 Bc5 4. Bg2 O-O 5. e3 Re8 6. Nge2 c6 7. O-O h6 8. a3
a5 9. Rb1 Na6 10. d4 exd4 11. Nxd4 Nc7 12. e4 d6 13. b4 axb4 14. axb4 Bb6 15.
h3 Be6 16. Qd3 Qc8 17. Kh2 Nh7 18. f4 Bxd4 19. Qxd4 f6 20. Bb2 Bf7 21. Rfd1 Qe6
22. Bf1 Red8 23. Re1 Na6 24. Qb6 Qe7 25. Ba1 Qc7 26. Qf2 {(=)} Nb8 27. Bb2 Nd7
28. Ra1 Nb6 29. Rxa8 Rxa8 30. c5 Nc4 31. Bxc4 Bxc4 32. Qd4 Bb3 33. cxd6 Qf7 34.
e5 fxe5 35. Rxe5 Be6 36. Ne4 Nf8 37. Nc5 Re8 38. f5 Bd7 39. Qe3 Rxe5 40. Qxe5
Bxf5 41. Qe7 Bc8 42. Qxf7+ Kxf7 43. g4 g6 44. Kg3 b6 45. Na4 Nd7 46. Bd4 Ke6
47. Nxb6 Nxb6 48. Bxb6 Kd7 1/2-1/2

[Event "OSREDNJA SLOVENSKA LIGA 2025"]
[Site "gostovanja"]
[Date "2025.09.18"]
[Round "1.5"]
[White "Krupenko, Katja"]
[Black "Stimec, Marjan"]
[Result "0-1"]
[WhiteElo "1696"]
[BlackElo "1842"]
[PlyCount "96"]
[EventDate "2025.09.18"]
[WhiteTeam "SK MEDVODE"]
[BlackTeam "DRUSTVO KPSRD KAREL JERAJ"]

1. d4 b6 2. c4 Bb7 3. Nc3 c5 4. Nf3 cxd4 5. Nxd4 g6 6. b3 Bg7 7. Bb2 Nf6 8. Nf3
O-O 9. g3 d6 10. Bg2 Nbd7 11. O-O Rc8 12. Rc1 Nc5 13. Nd4 Bxg2 14. Kxg2 Qd7 15.
Re1 Qb7+ 16. Kg1 Bh6 17. e3 Qd7 18. Kg2 Qb7+ 19. Kg1 Rfd8 20. Qe2 Qd7 21. Kg2
e5 22. Nc2 Qb7+ 23. Kg1 e4 24. Red1 Qe7 25. Nd5 Nxd5 26. Rxd5 Nd3 27. Rb1 Bg7
28. Bxg7 Kxg7 29. Qd2 Ne5 30. Nd4 Qf6 31. Qe2 Rc5 32. Rd1 Rxd5 33. cxd5 Rc8 34.
b4 Rc3 35. Nb5 Nf3+ 36. Kg2 Rc8 37. Nxa7 Ra8 38. Nc6 Qf5 39. Rc1 Qh5 40. Qb2+
Kh6 41. Rh1 Ng5 42. h4 Nf3 43. Kf1 Qf5 44. Ne7 Qe5 45. Qxe5 Nxe5 46. Kg2 Rxa2
47. Nc8 Nc4 48. Rd1 Nxe3+ {nemogoèa poteza Kf1 (59)} 0-1

[Event "OSREDNJA SLOVENSKA LIGA 2025"]
[Site "gostovanja"]
[Date "2025.09.18"]
[Round "1.5"]
[White "Kutin, Dusan"]
[Black "Krupenko, Andrej"]
[Result "1/2-1/2"]
[WhiteElo "1799"]
[BlackElo "1525"]
[PlyCount "56"]
[EventDate "2025.09.18"]
[WhiteTeam "DRUSTVO KPSRD KAREL JERAJ"]
[BlackTeam "SK MEDVODE"]

1. e4 e6 2. c4 c6 3. Nc3 d5 4. exd5 cxd5 5. cxd5 exd5 6. d4 Nf6 7. Bd3 Nc6 8.
Nf3 Be7 9. O-O O-O 10. h3 Qb6 11. a3 Kh8 12. Na4 Qc7 13. Bd2 Bd7 14. Rc1 Rac8
15. b4 a6 16. Ne5 Qb8 17. Nxc6 Bxc6 18. Nc5 Bd6 19. Bf5 Rcd8 20. Bg5 Be7 21.
Re1 h6 22. Bd2 Bd6 23. Bd3 Bf4 24. Qc2 Bxd2 25. Qxd2 Rfe8 26. Rxe8+ Rxe8 27.
Re1 Rxe1+ 28. Qxe1 Qe8 1/2-1/2

[Event "OSREDNJA SLOVENSKA LIGA 2025"]
[Site "gostovanja"]
[Date "2025.09.18"]
[Round "1.6"]
[White "Markoja Jeraj, Sebastijan"]
[Black "Levacic, Matic"]
[Result "1-0"]
[WhiteElo "2212"]
[BlackElo "1875"]
[PlyCount "97"]
[EventDate "2025.09.18"]
[WhiteTeam "SK DOL PRI LJUBLJANI"]
[BlackTeam "ZELENCI LPP"]

1. e4 e6 2. d4 d5 3. Nd2 c5 4. Ngf3 Nc6 5. exd5 exd5 6. Bb5 Nf6 7. O-O Be7 8.
dxc5 Bxc5 9. Nb3 Bb6 10. Re1+ Be6 11. Nbd4 Qd6 12. Be3 O-O 13. Nxe6 fxe6 14.
Bxb6 axb6 15. c4 Ng4 16. h3 Rxf3 17. hxg4 Rf7 18. Re2 Raf8 19. cxd5 Qc5 20. Rc1
Qxb5 21. dxc6 bxc6 22. Rcc2 Rf6 23. Qd6 Qd5 24. Qxd5 exd5 25. f3 Rd6 26. Kf2 d4
27. Red2 c5 28. Ke2 Rc8 29. Kd3 b5 30. b3 Kf7 31. Re2 Re6 32. Rxe6 Kxe6 33. b4
c4+ 34. Kxd4 Kd6 35. a4 Kc6 36. a5 Re8 37. Ra2 Re1 38. g5 Rg1 39. f4 Rb1 40. f5
Kb7 41. Rf2 Rd1+ 42. Kc5 c3 43. Rc2 Rf1 44. g4 Rf4 45. Kxb5 Rxg4 46. Rxc3 Rxg5
47. a6+ Ka7 48. Rc7+ Kb8 49. Kb6 1-0

[Event "OSREDNJA SLOVENSKA LIGA 2025"]
[Site "gostovanja"]
[Date "2025.09.18"]
[Round "1.6"]
[White "Novakovic, Gosto"]
[Black "Kampus, Andrej"]
[Result "1/2-1/2"]
[WhiteElo "1841"]
[BlackElo "2066"]
[PlyCount "51"]
[EventDate "2025.09.18"]
[WhiteTeam "ZELENCI LPP"]
[BlackTeam "SK DOL PRI LJUBLJANI"]

1. e4 d5 2. exd5 Nf6 3. Nc3 Nxd5 4. Bc4 Nxc3 5. Qf3 e6 6. Qxc3 Qf6 7. Qxf6 gxf6
8. d4 Rg8 9. g3 c5 10. Be3 cxd4 11. Bxd4 e5 12. Be3 Be6 13. Bxe6 fxe6 14. O-O-O
Nd7 15. Ne2 Bc5 16. Bxc5 Nxc5 17. Nc3 Ke7 18. b4 Nd7 19. Rd2 a5 20. Rhd1 Rgd8
21. b5 Nc5 22. Rxd8 Rxd8 23. Rxd8 Kxd8 24. f3 Kc7 25. a4 Kd6 26. Kd2 1/2-1/2

[Event "OSREDNJA SLOVENSKA LIGA 2025"]
[Site "gostovanja"]
[Date "2025.09.18"]
[Round "1.6"]
[White "Repe, Jure"]
[Black "Ribicic, Marko"]
[Result "0-1"]
[WhiteElo "1763"]
[BlackElo "1831"]
[PlyCount "68"]
[EventDate "2025.09.18"]
[WhiteTeam "SK DOL PRI LJUBLJANI"]
[BlackTeam "ZELENCI LPP"]

1. d4 d5 2. Nf3 e6 3. c4 Nf6 4. Nc3 c6 5. g3 b6 6. Bg2 Bb7 7. O-O Nbd7 8. Qd3
Be7 9. e4 dxe4 10. Nxe4 c5 11. Nfg5 Nxe4 12. Nxe4 O-O 13. h4 f5 14. Ng5 Bxg2
15. Kxg2 Bxg5 16. Bxg5 Nf6 17. d5 Qd6 18. Bxf6 Rxf6 19. Rad1 e5 20. f3 Raf8 21.
Rde1 Rg6 22. Qe3 Rxg3+ 23. Kf2 e4 24. Ke2 Qe5 25. Qd2 Rg2+ 26. Rf2 Qg3 27. Ref1
Qxf3+ 28. Ke1 Qg3 29. Qf4 Qh3 30. Rxg2 Qxg2 31. d6 Qxb2 32. Rf2 Qb1+ 33. Ke2
Qd3+ 34. Ke1 e3 0-1

[Event "OSREDNJA SLOVENSKA LIGA 2025"]
[Site "gostovanja"]
[Date "2025.09.18"]
[Round "1.6"]
[White "Novakovic, Novica"]
[Black "Magerl, Zan"]
[Result "1/2-1/2"]
[WhiteElo "1764"]
[BlackElo "1677"]
[PlyCount "39"]
[EventDate "2025.09.18"]
[WhiteTeam "ZELENCI LPP"]
[BlackTeam "SK DOL PRI LJUBLJANI"]

1. d4 d5 2. Bf4 Nf6 3. e3 c5 4. c3 Qb6 5. Qc2 Nc6 6. Nf3 Bf5 7. Qb3 c4 8. Qxb6
axb6 9. Nbd2 h6 10. Be2 e6 11. h3 Be7 12. O-O O-O 13. Ne5 b5 14. a3 Na7 15.
Rfe1 Nc8 16. Rac1 Nb6 17. Bd1 Na4 18. Bxa4 bxa4 19. f3 Bh7 20. Bh2 1/2-1/2

[Event "OSREDNJA SLOVENSKA LIGA 2025"]
[Site "gostovanja"]
[Date "2025.09.18"]
[Round "1.7"]
[White "Kastelic, Marjan"]
[Black "Pisek, Igor"]
[Result "1-0"]
[WhiteElo "2235"]
[BlackElo "1842"]
[PlyCount "59"]
[EventDate "2025.09.18"]
[WhiteTeam "SK VISNJA GORA 1"]
[BlackTeam "SK VISNJA GORA 2"]

1. d4 d5 2. Nf3 f6 3. c4 c6 4. Nc3 Bg4 5. cxd5 cxd5 6. Qb3 e6 7. Qxb7 Nd7 8. e3
Qc8 9. Qxc8+ Rxc8 10. Bb5 Bb4 11. Bd2 Ne7 12. a3 Ba5 13. b4 Bb6 14. Na4 e5 15.
dxe5 fxe5 16. Nxe5 Be6 17. Ke2 Bc7 18. Nxd7 Bxd7 19. Bxd7+ Kxd7 20. Bc3 Rhg8
21. Bd4 Nc6 22. Rhd1 g5 23. Rac1 Nxd4+ 24. Rxd4 Ke6 25. Rc6+ Ke5 26. Nc3 Rgd8
27. Kd3 Bb6 28. Rxc8 Rxc8 29. Rxd5+ Kf6 30. Ne4+ 1-0

[Event "OSREDNJA SLOVENSKA LIGA 2025"]
[Site "gostovanja"]
[Date "2025.09.18"]
[Round "1.7"]
[White "Kirasic, Branko"]
[Black "Medvesek, Janez"]
[Result "1/2-1/2"]
[WhiteElo "1938"]
[BlackElo "1962"]
[PlyCount "30"]
[EventDate "2025.09.18"]
[WhiteTeam "SK VISNJA GORA 2"]
[BlackTeam "SK VISNJA GORA 1"]

1. e4 c5 2. Nf3 Nc6 3. d4 cxd4 4. Nxd4 Nf6 5. Nc3 e5 6. Ndb5 d6 7. Bg5 a6 8.
Na3 b5 9. Bxf6 gxf6 10. Nd5 Bg7 11. Bd3 Be6 12. O-O f5 13. Qh5 f4 14. c4 b4 15.
Nc2 a5 1/2-1/2

[Event "OSREDNJA SLOVENSKA LIGA 2025"]
[Site "gostovanja"]
[Date "2025.09.18"]
[Round "1.7"]
[White "Mirtic, Lovro"]
[Black "Jancigaj, Saso Valentin"]
[Result "0-1"]
[WhiteElo "1879"]
[BlackElo "1787"]
[PlyCount "120"]
[EventDate "2025.09.18"]
[WhiteTeam "SK VISNJA GORA 1"]
[BlackTeam "SK VISNJA GORA 2"]

1. d4 f5 2. c4 Nf6 3. Nf3 e6 4. Nc3 b6 5. g3 Bb7 6. Bg2 Bb4 7. O-O O-O 8. Qb3
Bxc3 9. Qxc3 d6 10. b4 Ne4 11. Qb3 Qd7 12. Rd1 Nc6 13. e3 Ne7 14. Bb2 Ng6 15.
c5 bxc5 16. dxc5 Bd5 17. Qc2 a5 18. a3 axb4 19. axb4 Qb5 20. cxd6 cxd6 21. Rxa8
Rxa8 22. Qc7 Qb7 23. Qxb7 Bxb7 24. Ng5 Nxg5 25. Bxb7 Rb8 26. Bc6 Rxb4 27. Ba3
Rb6 28. Rxd6 h6 29. h4 Ne5 30. hxg5 Rxc6 31. Rxc6 Nxc6 32. gxh6 gxh6 33. Kg2
Kf7 34. Kh3 Ne5 35. Bd6 Nc4 36. Bc7 e5 37. g4 fxg4+ 38. Kxg4 Kg6 39. e4 Nd2 40.
f3 h5+ 41. Kg3 Nc4 42. Bd8 Nd2 43. Be7 Nc4 44. Bb4 Kg5 45. Be7+ Kg6 46. Bh4 Nd6
47. Bd8 Nc4 48. Kf2 Kf7 49. Ke2 Ke6 50. Bg5 Nd6 51. Kd3 Nf7 52. Bh4 Nd6 53. Kc3
Nb5+ 54. Kc4 Nd4 55. f4 Nf3 56. f5+ Kd6 57. Bf2 h4 58. Kd3 h3 59. Bg3 h2 60.
Bxh2 Nxh2 0-1

[Event "OSREDNJA SLOVENSKA LIGA 2025"]
[Site "gostovanja"]
[Date "2025.09.18"]
[Round "1.7"]
[White "Miceli, Dario Edgardo"]
[Black "Vidonja, Taja"]
[Result "1/2-1/2"]
[WhiteElo "1756"]
[BlackElo "1722"]
[PlyCount "20"]
[EventDate "2025.09.18"]
[WhiteTeam "SK VISNJA GORA 2"]
[BlackTeam "SK VISNJA GORA 1"]

1. d4 d5 2. c4 e6 3. Nf3 Nf6 4. Nc3 c6 5. Bg5 Nbd7 6. e3 Qa5 7. Nd2 Bb4 8. Qc2
dxc4 9. Bxf6 Nxf6 10. Bxc4 Nd5 1/2-1/2

[Event "OSREDNJA SLOVENSKA LIGA 2025"]
[Site "gostovanja"]
[Date "2025.09.18"]
[Round "1.8"]
[White "Smirnov, Maksim"]
[Black "Jakob, Matthias"]
[Result "0-1"]
[WhiteElo "2106"]
[BlackElo "1996"]
[PlyCount "76"]
[EventDate "2025.09.18"]
[WhiteTeam "GIMNAZIJA KRANJ"]
[BlackTeam "SK TRZIN"]

1. d4 Nf6 2. Nf3 b6 3. Bf4 e6 4. e3 c5 5. Be2 Be7 6. h3 cxd4 7. exd4 O-O 8. O-O
Ba6 9. Bxa6 Nxa6 10. Nbd2 Nc7 11. Ne5 Ncd5 12. Bg3 b5 13. c3 Qc8 14. Qe2 d6 15.
Nd3 Qc6 16. Rac1 Rfc8 17. f4 g6 18. Qf2 a5 19. Kh1 Nb6 20. Bh4 Nc4 21. Bg5 Rc7
22. Nf3 h6 23. Bxf6 Bxf6 24. Nh2 Qd5 25. Ng4 Bg7 26. a3 Nxa3 27. bxa3 Rxc3 28.
Qe2 Qxd4 29. Ndf2 h5 30. Rfd1 Qc4 31. Qxc4 bxc4 32. Ne4 Rxa3 33. Nxd6 hxg4 34.
Nxc4 Rc3 35. Nb6 Ra6 36. Rd8+ Kh7 37. Rb1 gxh3 38. gxh3 a4 0-1